[Event "KEM Mitte 2017"]
[Site "?"]
[Date "2017.01.07"]
[Round "5.10"]
[White "Dietrich, Thomas"]
[Black "Babichev, Vyacheslav"]
[Result "0-1"]
[WhiteElo "1610"]
[BlackElo "1863"]
[PlyCount "68"]
[EventDate "2017.??.??"]
[WhiteTeam "SC Anderssen"]
[BlackTeam "SW Nürnberg Süd"]

1. e4 e6 2. d4 b6 3. g3 Bb7 4. Bg2 f5 5. d5 Nf6 6. exf5 exf5 7. Nc3 Bb4 8. Qd4
Bc5 9. Qe5+ Qe7 10. Qxe7+ Bxe7 11. Nb5 Na6 12. Bf4 O-O 13. Ne2 Bxd5 14. Bxd5+
Nxd5 15. Rd1 Nxf4 16. Nxf4 c6 17. Rxd7 Rfe8 18. Nd4 Nc5 19. Rxe7 Rxe7+ 20. Kf1
Rc8 21. Nxf5 Rd7 22. Kg2 g6 23. Ne3 Rd2 24. h4 Re8 25. Kf3 Rf8 26. Kg2 Ne4 27.
Rf1 Re8 28. Ng4 h5 29. Ne3 Kg7 30. a3 Nf6 31. Kf3 b5 32. b3 Nd5 33. Nfxd5 cxd5
34. Rd1 Rxe3+ 0-1

[Event "KEM Mitte 2017"]
[Site "?"]
[Date "2017.01.07"]
[Round "5.11"]
[White "Albayrak, Aylin"]
[Black "Pörzgen, Michael"]
[Result "1-0"]
[WhiteElo "1668"]
[BlackElo "1658"]
[PlyCount "82"]
[EventDate "2017.??.??"]
[WhiteTeam "Zabo-Eintracht Nürnberg"]
[BlackTeam "SW Nürnberg Süd"]

1. d4 Nf6 2. c4 g6 3. Nc3 Bg7 4. e4 d6 5. Bd3 e5 6. d5 Na6 7. Nge2 Nc5 8. Bc2
O-O 9. O-O Ne8 10. b4 Nd7 11. Be3 Ndf6 12. Qd2 Ng4 13. Bg5 f6 14. Bh4 g5 15.
Bg3 h5 16. h3 Nh6 17. h4 Nf7 18. hxg5 fxg5 19. f3 Bh6 20. Qd3 Nf6 21. Be1 h4
22. Bd2 Nh5 23. Kf2 Nf4 24. Nxf4 gxf4 25. Rh1 Qg5 26. Rag1 Kh7 27. Qf1 Rg8 28.
Be1 Qh5 29. Ke2 Bg5 30. g3 fxg3 31. Bxg3 Nh8 32. Kd3 Ng6 33. Bd1 Rf8 34. Kc2
Bg4 35. fxg4 Qh6 36. Qe1 Kg7 37. Rg2 Rh8 38. Nb5 Rac8 39. Kb3 a6 40. Nc3 Rcf8
41. c5 Rf2 1-0

[Event "KEM Mitte 2017"]
[Site "?"]
[Date "2017.01.07"]
[Round "5.12"]
[White "Nüßlein, Christian"]
[Black "Rausch, Wolfgang sr"]
[Result "0-1"]
[WhiteElo "1929"]
[BlackElo "1880"]
[PlyCount "58"]
[EventDate "2017.??.??"]
[WhiteTeam "SGem Nürnberg"]
[BlackTeam "SW Nürnberg Süd"]

1. c4 e5 2. Nc3 Nf6 3. Nf3 Nc6 4. d4 e4 5. Ne5 Ne7 6. c5 d5 7. cxd6 cxd6 8.
Qa4+ Bd7 9. Nxd7 Qxd7 10. Qxd7+ Kxd7 11. Bg5 Ned5 12. e3 Nxc3 13. Bxf6 Nd5 14.
Bb5+ Ke6 15. Bh4 Nb6 16. O-O a6 17. Be2 d5 18. Rac1 Bd6 19. f3 f5 20. fxe4 dxe4
21. Bc4+ Nxc4 22. Rxc4 Rhc8 23. Rfc1 Rxc4 24. Rxc4 Kd5 25. b3 b5 26. Rc2 Rf8
27. Bg3 f4 28. Bf2 g5 29. Kf1 fxe3 0-1

[Event "KEM Mitte 2017"]
[Site "?"]
[Date "2017.01.07"]
[Round "5.13"]
[White "Dippel, Jörg"]
[Black "Paul, Arthur"]
[Result "0-1"]
[WhiteElo "1805"]
[BlackElo "1380"]
[PlyCount "58"]
[EventDate "2017.??.??"]
[WhiteTeam "SC Anderssen"]
[BlackTeam "SW Nürnberg Süd"]

1. e4 c5 2. Nc3 d6 3. f4 g6 4. Nf3 Bg7 5. Bb5+ Bd7 6. Bxd7+ Qxd7 7. O-O e6 8.
Qe1 Ne7 9. d3 O-O 10. Qh4 d5 11. f5 exf5 12. Bh6 dxe4 13. dxe4 fxe4 14. Ng5
Qd4+ 15. Kh1 Nf5 16. Rxf5 gxf5 17. Nd5 Qxd5 18. Bxg7 Kxg7 19. Qxh7+ Kf6 20.
Qh6+ Ke7 21. Nh7 Rd8 22. Qf6+ Kd7 23. c4 Qd6 24. Qxf5+ Qe6 25. Rd1+ Kc7 26.
Qf4+ Kc8 27. Re1 Nc6 28. Ng5 Qe5 29. Qc1 Rd7 0-1

[Event "KEM Mitte 2017"]
[Site "?"]
[Date "2017.01.07"]
[Round "5.14"]
[White "Walch, Roger"]
[Black "Llugiq, Bajram"]
[Result "0-1"]
[WhiteElo "1701"]
[BlackElo "1827"]
[PlyCount "44"]
[EventDate "2017.??.??"]
[WhiteTeam "SW Nürnberg Süd"]
[BlackTeam "SW Nürnberg Süd"]

1. e4 c5 2. Nf3 Nc6 3. d4 cxd4 4. Nxd4 Nf6 5. Nc3 a6 6. Be3 e5 7. Nf5 d6 8. f3
Bxf5 9. exf5 d5 10. Bg5 Bb4 11. Bd2 d4 12. Ne4 Nxe4 13. fxe4 Bxd2+ 14. Qxd2
Qh4+ 15. Kd1 Qxe4 16. Bd3 Qg4+ 17. Kc1 f6 18. Kb1 Qg5 19. Qe2 O-O 20. a3 Rfe8
21. Qe4 Qe3 22. Qxe3 dxe3 {Rest unleserlich} 0-1

[Event "KEM Mitte 2017"]
[Site "?"]
[Date "2017.01.07"]
[Round "5.15"]
[White "Weißmann, Peter"]
[Black "Diebel, Günter"]
[Result "1/2-1/2"]
[WhiteElo "1737"]
[BlackElo "1874"]
[PlyCount "104"]
[EventDate "2017.??.??"]
[WhiteTeam "SK Zirndorf"]
[BlackTeam "SW Nürnberg Süd"]

1. e4 c5 2. Nf3 Nc6 3. d4 cxd4 4. Nxd4 e5 5. Nb5 a6 6. Nd6+ Bxd6 7. Qxd6 Qe7 8.
Qd1 Nf6 9. f3 d6 10. Bg5 h6 11. Bh4 g5 12. Bf2 Be6 13. c4 O-O-O 14. Nc3 Nd7 15.
Nd5 Bxd5 16. cxd5 Nd4 17. Bxd4 exd4 18. Qxd4 Kb8 19. O-O-O Rc8+ 20. Kb1 Ne5 21.
Qb6 Nd7 22. Qd4 f6 23. Bd3 Rc5 24. b4 Rc7 25. Rc1 Rhc8 26. Rxc7 Rxc7 27. Rc1
Qe5 28. Qxe5 Nxe5 29. Rxc7 Kxc7 30. Kc2 Kb6 31. Be2 a5 32. Kb3 axb4 33. Kxb4 h5
34. h3 h4 35. Kc3 Kc5 36. a4 b6 37. Bf1 Ng6 38. Kb3 Nf4 39. Kc3 f5 40. exf5
Nxd5+ 41. Kd3 Nf6 42. Ke3 Kd5 43. f4 g4 44. Be2 gxh3 45. gxh3 Kc5 46. Bb5 d5
47. Kd3 d4 48. Ke2 Kd5 49. Kf3 Kc5 50. Ke2 Kd6 51. Kd3 Kd5 52. Bc4+ Kc5 1/2-1/2

[Event "KEM Mitte 2017"]
[Site "?"]
[Date "2017.01.07"]
[Round "5.17"]
[White "Mantel, Hubert"]
[Black "Berntgen, Michael"]
[Result "0-1"]
[WhiteElo "1761"]
[BlackElo "1637"]
[PlyCount "52"]
[EventDate "2017.??.??"]
[WhiteTeam "Zabo-Eintracht Nürnberg"]
[BlackTeam "SW Nürnberg Süd"]

1. e4 Nf6 2. Nc3 d5 3. exd5 Nxd5 4. Bc4 Nb6 5. Qe2 Nxc4 6. Qxc4 e5 7. Nf3 Nc6
8. d3 Be6 9. Qb5 Bd6 10. O-O Rb8 11. Bg5 f6 12. Bh4 O-O 13. Ne4 a6 14. Qa4 b5
15. Nxf6+ gxf6 16. Qe4 Qd7 17. c3 Ne7 18. d4 Ng6 19. dxe5 Nxh4 20. exd6 Nxf3+
21. Qxf3 Qxd6 22. Rad1 Qe7 23. Rfe1 Rbd8 24. Rd4 Rxd4 25. cxd4 Qd6 26. b3 Bd5
0-1

[Event "KEM Mitte 2017"]
[Site "?"]
[Date "2017.01.07"]
[Round "5.18"]
[White "Berg, Winfried"]
[Black "Hahn, Thomas"]
[Result "1/2-1/2"]
[WhiteElo "1595"]
[BlackElo "1647"]
[PlyCount "111"]
[EventDate "2017.??.??"]
[WhiteTeam "SW Nürnberg Süd"]
[BlackTeam "Zabo-Eintracht Nürnberg"]

1. d4 Nf6 2. c4 e5 3. d5 Bc5 4. Nc3 d6 5. e4 O-O 6. Be2 c6 7. Nf3 b5 8. cxb5
cxd5 9. exd5 Bb7 10. O-O Nbd7 11. h3 h6 12. a3 Rc8 13. Be3 Nb6 14. Rc1 Bxe3 15.
fxe3 Nfxd5 16. Nxd5 Rxc1 17. Qxc1 Nxd5 18. Bc4 Qb6 19. Bxd5 Bxd5 20. Qd2 Bxf3
21. gxf3 Qxb5 22. e4 Qc5+ 23. Kg2 Rc8 24. Rd1 Qc2 25. Kg3 Qxd2 26. Rxd2 Rc6 27.
Rd3 Kf8 28. b4 a6 29. h4 h5 30. Rd5 Ke7 31. Ra5 g6 32. a4 Rb6 33. b5 axb5 34.
axb5 Ke6 35. Kf2 f6 36. Ke3 g5 37. Kf2 Kd7 38. Ke3 Kc7 39. Kf2 Kb7 40. Ke3 Kb8
41. Kf2 Kb7 42. Ke3 gxh4 43. Kf2 d5 44. exd5 Rd6 45. Ra4 Rxd5 46. Rxh4 Kb6 47.
Rxh5 Kxb5 48. f4 Kc4 49. fxe5 fxe5 50. Ke2 Kd4 51. Rh3 e4 52. Ra3 Rb5 53. Ra4+
Ke5 54. Ra8 Rd5 55. Re8+ Kd4 56. Ra8 1/2-1/2

[Event "KEM Mitte 2017"]
[Site "?"]
[Date "2017.01.07"]
[Round "5.19"]
[White "Huber, Dominik"]
[Black "Meyer, Robert"]
[Result "0-1"]
[WhiteElo "1156"]
[BlackElo "1731"]
[PlyCount "68"]
[EventDate "2017.??.??"]
[WhiteTeam "SC Noris-Tarrasch Nürnberg"]
[BlackTeam "SC Stein"]

1. e4 e6 2. d4 d5 3. e5 c5 4. c3 cxd4 5. cxd4 Nc6 6. Nc3 Qb6 7. Nf3 Nge7 8. Na4
Qc7 9. Bd2 Nf5 10. Rc1 Bd7 11. Qb3 Rc8 12. Nc5 Bxc5 13. Rxc5 Qb8 14. Qd3 O-O
15. Be2 Nfe7 16. Ng5 Ng6 17. h4 Ncxe5 18. dxe5 Rxc5 19. h5 Bb5 20. Qh3 Qxe5 21.
Qe3 d4 22. Qxe5 Nxe5 23. Bb4 Rc1+ 24. Bd1 Nd3+ 25. Kd2 Rfc8 26. Rh4 Nxb2 27.
Bb3 Ba4 28. Bxa4 Nxa4 29. Rxd4 R1c4 30. Bc5 R4xc5 31. Rxa4 Rxg5 32. g4 Rd5+ 33.
Ke3 a6 34. f4 h6 0-1

[Event "KEM Mitte 2017"]
[Site "?"]
[Date "2017.01.07"]
[Round "5.21"]
[White "Denninger, David"]
[Black "Müller, Ludwig"]
[Result "0-1"]
[WhiteElo "1530"]
[BlackElo "1781"]
[PlyCount "86"]
[EventDate "2017.??.??"]
[WhiteTeam "TSV Cadolzburg"]
[BlackTeam "SGem Nürnberg"]

1. d4 Nf6 2. c4 e6 3. Nc3 Bb4 4. Bd2 O-O 5. a3 Bxc3 6. Bxc3 d5 7. e3 b6 8. c5
Ne4 9. Qc2 bxc5 10. dxc5 Nxc3 11. Qxc3 c6 12. Nf3 Nd7 13. Bd3 a5 14. O-O Ba6
15. Rfd1 Bxd3 16. Rxd3 a4 17. Ne5 Nxe5 18. Qxe5 Qb8 19. Qxb8 Rfxb8 20. Rb1 Ra5
21. b4 axb3 22. Rdxb3 Rxb3 23. Rxb3 g6 24. Rc3 f5 25. Kf1 Kf7 26. Ke2 e5 27.
Kd3 Ke6 28. f3 e4+ 29. fxe4 dxe4+ 30. Kc4 g5 31. g3 Ke5 32. Kb4 Rb5+ 33. Kc4 f4
34. exf4+ gxf4 35. gxf4+ Kxf4 36. Rh3 Rb7 37. Rh4+ Kf3 38. Rh3+ Kg4 39. Rh6 Rd7
40. Rd6 Re7 41. Rd2 e3 42. Rg2+ Kf3 43. Rg3+ Kf2 0-1

[Event "KEM Mitte 2017"]
[Site "?"]
[Date "2017.01.07"]
[Round "5.22"]
[White "Weidenhöfer, Robert"]
[Black "Majid, Hakim"]
[Result "1-0"]
[WhiteElo "1695"]
[BlackElo "1228"]
[PlyCount "100"]
[EventDate "2017.??.??"]
[WhiteTeam "SW Nürnberg Süd"]
[BlackTeam "SW Nürnberg Süd"]

1. b3 e5 2. Bb2 d6 3. e3 Nf6 4. f4 exf4 5. exf4 Be7 6. Nf3 O-O 7. Bd3 Bg4 8. h3
Bh5 9. g4 Nxg4 10. hxg4 Bxg4 11. Bxh7+ Kh8 12. Bf5+ Bh4+ 13. Rxh4+ Qxh4+ 14.
Nxh4 Re8+ 15. Kf1 Bxd1 16. Nc3 Bh5 17. Kf2 Kg8 18. Rg1 g6 19. Bd3 Nd7 20. Nd5
Rac8 21. f5 c6 22. Nf4 Kf8 23. Nxh5 gxh5 24. f6 Re6 25. Bf5 Rce8 26. Bxe6 Rxe6
27. Re1 Ne5 28. Bxe5 dxe5 29. Nf3 e4 30. Ng5 Rxf6+ 31. Ke3 Rf5 32. Nxe4 Re5 33.
d4 Re8 34. Kd2 f5 35. Ng3 Rxe1 36. Kxe1 h4 37. Nxf5 h3 38. Kf2 Kf7 39. Kg3 Ke6
40. Ne3 b6 41. c4 a5 42. Kxh3 Kd6 43. Kg3 b5 44. Kf3 a4 45. c5+ Kc7 46. bxa4
bxa4 47. Nc2 Kb7 48. Nb4 Kc7 49. Ke4 a3 50. Ke5 Kd7 1-0

[Event "KEM Mitte 2017"]
[Site "?"]
[Date "2017.01.07"]
[Round "5.24"]
[White "Hauck, Martin"]
[Black "Thoma, Dirk"]
[Result "0-1"]
[WhiteElo "1488"]
[BlackElo "1642"]
[PlyCount "110"]
[EventDate "2017.??.??"]
[WhiteTeam "SC Noris-Tarrasch Nürnberg"]
[BlackTeam "SC Noris-Tarrasch Nürnberg"]

1. e4 c5 2. d4 cxd4 3. Qxd4 Nc6 4. Qd1 Nf6 5. Bd3 e6 6. Nf3 Qc7 7. h3 Bc5 8.
Qe2 Nd4 9. Nxd4 Bxd4 10. c3 Bb6 11. Be3 O-O 12. Bxb6 Qxb6 13. O-O e5 14. Na3 d6
15. Nc4 Qc7 16. Ne3 Be6 17. c4 g6 18. Nd5 Nxd5 19. exd5 Bd7 20. f4 f5 21. Rae1
e4 22. Bb1 Qc5+ 23. Kh1 Rfe8 24. b3 a5 25. a4 Qd4 26. Rd1 Qc3 27. Ba2 Qb4 28.
Qb2 e3 29. Qe2 Re7 30. Rd3 Qc5 31. Rf3 Rae8 32. Bb1 Qb6 33. Rd1 Qxb3 34. Rd3
Qxb1+ 35. Kh2 Qb6 36. h4 Bxa4 37. h5 Kg7 38. Kh3 Qc5 39. Kh4 h6 40. Rg3 g5+ 41.
fxg5 Re4+ 42. Kh3 Qxc4 43. gxh6+ Kh8 44. Qb2+ R4e5 45. Rdxe3 Qxd5 46. Rxe5 dxe5
47. Qb6 Qc6 48. Qxa5 f4 49. Rg6 Qd7+ 50. Kh4 Qe7+ 51. Kg4 Bd1+ 52. Kh3 Bxh5 53.
Rg7 Qe6+ 54. Kh4 Qxh6 55. g4 Bg6# 0-1

[Event "KEM Mitte 2017"]
[Site "?"]
[Date "2017.01.07"]
[Round "5.25"]
[White "Barnowski, Roman"]
[Black "Hummady, Pascha"]
[Result "1-0"]
[WhiteElo "1424"]
[BlackElo "786"]
[PlyCount "73"]
[EventDate "2017.??.??"]
[WhiteTeam "SW Nürnberg Süd"]
[BlackTeam "SC Noris-Tarrasch Nürnberg"]

1. Nf3 d5 2. c4 Nf6 3. cxd5 Nxd5 4. e4 Nf6 5. Nc3 e6 6. a3 Nc6 7. d4 Nd7 8. Bb5
Be7 9. Bf4 O-O 10. O-O f6 11. b4 e5 12. Bg3 exd4 13. Nxd4 Nde5 14. Qb3+ Kh8 15.
Nxc6 Nxc6 16. Nd5 Bd6 17. Rad1 Bg4 18. f3 Bxg3 19. hxg3 Bd7 20. Nf4 Qe8 21. Kf2
a5 22. Qd5 axb4 23. Qxd7 Qxd7 24. Rxd7 bxa3 25. Bxc6 bxc6 26. Ra1 Rfc8 27. Rd3
a2 28. Rd2 c5 29. Raxa2 Rxa2 30. Rxa2 Rb8 31. Ra5 Rb2+ 32. Kg1 g5 33. Nh5 h6
34. Nxf6 c4 35. Rc5 Rb1+ 36. Kh2 Rc1 37. Rxc7 1-0

[Event "KEM Mitte 2017"]
[Site "?"]
[Date "2017.01.07"]
[Round "5.26"]
[White "Albayrak, Melissa"]
[Black "Hofmann, Tim"]
[Result "0-1"]
[WhiteElo "765"]
[BlackElo "1311"]
[PlyCount "38"]
[EventDate "2017.??.??"]
[WhiteTeam "Zabo-Eintracht Nürnberg"]
[BlackTeam "SW Nürnberg Süd"]

1. e4 b6 2. Bc4 e6 3. Qh5 Nf6 4. Qf3 Bb7 5. d3 Be7 6. Nc3 d6 7. Bg5 Nbd7 8.
O-O-O a6 9. Bxf6 Bxf6 10. Nce2 b5 11. Bb3 c5 12. a3 a5 13. Ba2 a4 14. Nc3 b4
15. axb4 cxb4 16. Nb5 Qb6 17. c4 bxc3 18. bxc3 Qxb5 19. c4 Qb2# 0-1

[Event "KEM Mitte 2017"]
[Site "?"]
[Date "2017.01.07"]
[Round "5.27"]
[White "Sargsyan, Arusyak"]
[Black "Hamazaspyan, Seryozka"]
[Result "1/2-1/2"]
[WhiteElo "930"]
[BlackElo "1237"]
[PlyCount "122"]
[EventDate "2017.??.??"]
[WhiteTeam "SW Nürnberg Süd"]
[BlackTeam "SC Noris-Tarrasch Nürnberg"]

1. e4 Nc6 2. Bc4 e6 3. d4 d5 4. exd5 exd5 5. Bb5 Bd7 6. Nf3 h6 7. Nc3 Nf6 8.
Bxc6 Bxc6 9. Bf4 Bd6 10. Be3 O-O 11. Qd3 Ne4 12. Nd2 Nxd2 13. Bxd2 Bb4 14. a3
Bxc3 15. Qxc3 Qe7+ 16. Be3 Rfe8 17. O-O Qe4 18. Rfe1 Qg6 19. Bd2 f6 20. Rxe8+
Rxe8 21. Re1 Qf7 22. Rxe8+ Bxe8 23. Qg3 Qh5 24. f3 c6 25. Qb8 Qf7 26. Qxa7 b5
27. Qb8 Kf8 28. Qd6+ Qe7 29. Qf4 Qe2 30. Bb4+ Kg8 31. Qd2 Qxd2 32. Bxd2 Kf7 33.
Kf2 Ke6 34. Ke3 Kd6 35. Kd3 c5 36. dxc5+ Kxc5 37. Be3+ Kc6 38. Kd4 Bf7 39. b3
h5 40. a4 Kb6 41. axb5 Kxb5 42. Bf4 Kc6 43. c4 dxc4 44. bxc4 g5 45. Bc1 Be6 46.
Ba3 Bf5 47. Be7 g4 48. fxg4 Bxg4 49. Bxf6 Bf5 50. c5 Be6 51. Ke5 Bd5 52. g3
Kxc5 53. Kf5 Bf3 54. Kf4 Bg4 55. Kg5 Kc4 56. Kh4 Kd3 57. h3 Bf3 58. Kg5 Ke3 59.
Bd8 Kf2 60. Kh4 Kg2 61. Bc7 Be2 1/2-1/2

[Event "KEM Mitte 2017"]
[Site "?"]
[Date "2017.01.07"]
[Round "5.28"]
[White "Albayrak, Nese Pinar"]
[Black "Nerreter, Bernd"]
[Result "1/2-1/2"]
[WhiteElo "1095"]
[BlackElo "1447"]
[PlyCount "75"]
[EventDate "2017.??.??"]
[WhiteTeam "Zabo-Eintracht Nürnberg"]
[BlackTeam "SC Noris-Tarrasch Nürnberg"]

1. e4 e5 2. Nf3 Nf6 3. Nxe5 Nc6 4. Nf3 Nxe4 5. Qe2 Qe7 6. Nc3 Nxc3 7. bxc3 d6
8. h3 Be6 9. d4 O-O-O 10. Ba3 Re8 11. Qd1 Bxh3+ 12. Ne5 Nxe5 13. dxe5 Qxe5+ 14.
Be2 Qxc3+ 15. Kf1 Bxg2+ 16. Kxg2 Qxa3 17. Bg4+ Kb8 18. Re1 Be7 19. Bd7 Qc5 20.
Bxe8 Qg5+ 21. Kf1 Rxe8 22. Rb1 h5 23. Qf3 b6 24. Qxf7 Rf8 25. Qxe7 Rf6 26. Qe8+
Kb7 27. Qe4+ Kb8 28. Re2 Rg6 29. Qh1 d5 30. Re8+ Kb7 31. Rbe1 Rd6 32. R8e5 Qg4
33. Qxh5 Qc4+ 34. R1e2 Rh6 35. Qf3 Rd6 36. Qb3 Qh4 37. Qf3 Qc4 38. Qb3 1/2-1/2

[Event "KEM Mitte 2017"]
[Site "?"]
[Date "2017.01.15"]
[Round "6.1"]
[White "Petrashov, Alexander"]
[Black "Mantel, Ruben"]
[Result "0-1"]
[WhiteElo "1888"]
[BlackElo "1949"]
[PlyCount "84"]
[EventDate "2017.??.??"]
[WhiteTeam "SC Noris-Tarrasch Nürnberg"]
[BlackTeam "Zabo-Eintracht Nürnberg"]

1. d4 d5 2. c4 e6 3. Nc3 Nf6 4. Nf3 Be7 5. Bf4 O-O 6. e3 a6 7. c5 Nbd7 8. Bd3
h6 9. O-O Nh5 10. Ne5 Nxf4 11. exf4 Nxe5 12. fxe5 Bd7 13. b4 Qe8 14. a4 f5 15.
f4 g5 16. g3 g4 17. b5 a5 18. Qc2 Kg7 19. Rfb1 Bc8 20. b6 c6 21. Rb2 h5 22. Nb1
Rh8 23. Nd2 h4 24. Nf1 Qh5 25. Qc3 hxg3 26. hxg3 Qh1+ 27. Kf2 Qf3+ 28. Ke1 Rh1
29. Kd2 Rg1 30. Kc2 Bd7 31. Re1 Rh8 32. Qxa5 Qf2+ 33. Kb3 Qxd4 34. Qc3 Bxc5 35.
a5 Ra8 36. Ra1 Bxb6 37. Ra4 Qxc3+ 38. Kxc3 c5 39. Ra1 Bxa5+ 40. Rxa5 Rxa5 41.
Rxb7 Ra3+ 42. Kd2 Rg2+ 0-1

[Event "KEM Mitte 2017"]
[Site "?"]
[Date "2017.01.15"]
[Round "6.2"]
[White "Saathoff, Richard"]
[Black "Rummel, Gerald"]
[Result "1-0"]
[WhiteElo "2124"]
[BlackElo "1772"]
[PlyCount "51"]
[EventDate "2017.??.??"]
[WhiteTeam "SW Nürnberg Süd"]
[BlackTeam "SC Anderssen"]

1. e4 e6 2. d4 d5 3. Nc3 Bb4 4. e5 c5 5. a3 Bxc3+ 6. bxc3 Ne7 7. Qg4 O-O 8. Bd3
f5 9. exf6 Rxf6 10. Bg5 Rf7 11. Qh5 g6 12. Qd1 c4 13. Be2 Nbc6 14. Nf3 Qa5 15.
Qd2 Nf5 16. Ne5 Nxe5 17. dxe5 Bd7 18. g4 Ne7 19. h4 Nc6 20. Bf6 d4 21. f4 Qxc3
22. Qxc3 dxc3 23. O-O-O Rc8 24. Rd6 Kf8 25. f5 gxf5 26. gxf5 1-0

[Event "KEM Mitte 2017"]
[Site "?"]
[Date "2017.01.15"]
[Round "6.3"]
[White "Konsek, Peter"]
[Black "Erlbeck, Peter"]
[Result "1/2-1/2"]
[WhiteElo "2083"]
[BlackElo "2061"]
[PlyCount "73"]
[EventDate "2017.??.??"]
[WhiteTeam "SW Nürnberg Süd"]
[BlackTeam "SW Nürnberg Süd"]

1. e4 c5 2. d4 cxd4 3. c3 Nf6 4. e5 Nd5 5. Nf3 Nc6 6. Bc4 Nb6 7. Bb3 e6 8. cxd4
d6 9. O-O dxe5 10. dxe5 Qxd1 11. Rxd1 Nd7 12. Ba4 Be7 13. Nc3 O-O 14. Bxc6 bxc6
15. Be3 Nb6 16. Ne4 Nd5 17. Bc5 Re8 18. Rac1 Bxc5 19. Rxc5 Bd7 20. Ra5 Reb8 21.
Nc5 Be8 22. Nb3 Rb5 23. Rc1 Nb4 24. Rxb5 cxb5 25. a3 Nd3 26. Rc2 a5 27. g3 a4
28. Nbd4 Kf8 29. Kf1 Rd8 30. Ke2 Nxe5 31. Nxe6+ fxe6 32. Nxe5 Rb8 33. Nd3 Ke7
34. Rc7+ Kf6 35. f4 h5 36. Ke3 g5 37. Nb4 1/2-1/2

[Event "KEM Mitte 2017"]
[Site "?"]
[Date "2017.01.15"]
[Round "6.4"]
[White "Corral, Carlos"]
[Black "Leis, Stefan"]
[Result "1-0"]
[WhiteElo "2015"]
[BlackElo "1967"]
[PlyCount "81"]
[EventDate "2017.??.??"]
[WhiteTeam "SC Noris-Tarrasch Nürnberg"]
[BlackTeam "SC Mühlhof-Reichelsdorf"]

1. e4 c5 2. Nf3 d6 3. d4 cxd4 4. Nxd4 Nf6 5. Nc3 a6 6. g3 Nc6 7. Bg2 Nxd4 8.
Qxd4 g6 9. Bg5 Bg7 10. Nd5 O-O 11. Bxf6 exf6 12. Qb6 Be6 13. O-O-O Qd7 14. Nc3
Rfd8 15. Rd3 Rac8 16. Rhd1 Bf8 17. f4 Bc4 18. R3d2 Qe8 19. h4 Qe6 20. Kb1 Qg4
21. Qe3 b5 22. e5 fxe5 23. fxe5 Re8 24. Ne4 Qe6 25. b3 dxe5 26. Rd6 Bxd6 27.
Rxd6 Qe7 28. Nf6+ Kg7 29. Nxe8+ Rxe8 30. Rxa6 Be6 31. Qxe5+ f6 32. Qxb5 Bf7 33.
Qd3 Qe5 34. Ra7 Kg8 35. Qd7 Qe1+ 36. Kb2 Qe5+ 37. Ka3 Qc5+ 38. Ka4 Rf8 39. Bc6
h6 40. c4 Qf2 41. a3 1-0

[Event "KEM Mitte 2017"]
[Site "?"]
[Date "2017.01.15"]
[Round "6.5"]
[White "Adelhütte, Dennis"]
[Black "Albayrak, Aylin"]
[Result "1-0"]
[WhiteElo "1962"]
[BlackElo "1668"]
[PlyCount "43"]
[EventDate "2017.??.??"]
[WhiteTeam "SC JÄKLECHEMIE"]
[BlackTeam "Zabo-Eintracht Nürnberg"]

1. d4 Nf6 2. c4 d5 3. cxd5 Nxd5 4. e4 Nf6 5. Nc3 e6 6. Bf4 Bb4 7. Bd3 O-O 8.
Nf3 c5 9. dxc5 Bxc3+ 10. bxc3 Qa5 11. O-O Qxc5 12. e5 Nd5 13. Bg3 Nc6 14. c4
Ncb4 15. Bxh7+ Kh8 16. Ng5 g6 17. Qg4 Kg7 18. Ne4 Qxc4 19. Bh4 Nd3 20. Bf6+
Nxf6 21. exf6+ Kh8 22. Qh4 1-0

[Event "KEM Mitte 2017"]
[Site "?"]
[Date "2017.01.15"]
[Round "6.6"]
[White "Babichev, Vyacheslav"]
[Black "Bildt, Maximilian"]
[Result "0-1"]
[WhiteElo "1863"]
[BlackElo "2045"]
[PlyCount "78"]
[EventDate "2017.??.??"]
[WhiteTeam "SW Nürnberg Süd"]
[BlackTeam "SK Zirndorf"]

1. e4 c5 2. c3 d5 3. exd5 Qxd5 4. c4 Qd8 5. g3 Nc6 6. Bg2 Bf5 7. Na3 Qd7 8. Ne2
Bd3 9. Nf4 Nb4 10. Qf3 O-O-O 11. Nd5 e6 12. Ne3 Nf6 13. Qd1 a6 14. b3 Qd4 15.
Rb1 Bxb1 16. Nxb1 Nd3+ 17. Kf1 Nxc1 18. Qxc1 Ne4 19. Ke1 f5 20. f3 f4 21. gxf4
Nf6 22. Bh3 Qxf4 23. Bxe6+ Kb8 24. Ke2 Re8 25. Bh3 Qh4 26. Qf1 Nh5 27. Kd1 Qd4
28. Kc2 g6 29. Nc3 Nf4 30. Rg1 Bg7 31. Ncd1 Rd8 32. Nd5 Rxd5 33. cxd5 Nxh3 34.
Rg4 Nf4 35. Nc3 h5 36. Rg1 Rd8 37. Qe1 Nxd5 38. Rxg6 Nxc3 39. Qg3+ Be5 0-1

[Event "KEM Mitte 2017"]
[Site "?"]
[Date "2017.01.15"]
[Round "6.7"]
[White "Llugiq, Bajram"]
[Black "Bolten, Daniel"]
[Result "0-1"]
[WhiteElo "1827"]
[BlackElo "2075"]
[PlyCount "62"]
[EventDate "2017.??.??"]
[WhiteTeam "SW Nürnberg Süd"]
[BlackTeam "SW Nürnberg Süd"]

1. d4 Nf6 2. Nf3 e6 3. g3 b6 4. Bg2 Bb7 5. O-O Be7 6. c4 O-O 7. Nc3 Ne4 8. Qc2
f5 9. Ne5 d5 10. cxd5 exd5 11. f4 Nd7 12. Nxe4 Nxe5 13. Nc3 Ng4 14. Bf3 Qd7 15.
Bd2 Rae8 16. Qa4 Qxa4 17. Nxa4 Bf6 18. Bxg4 fxg4 19. e3 c5 20. dxc5 d4 21. cxb6
axb6 22. Rfe1 Bc6 23. Nxb6 dxe3 24. Bc3 Bd8 25. Nc4 e2 26. Ba5 Bf6 27. Bb6 g5
28. Ne5 Bxe5 29. fxe5 Rxe5 30. Rac1 Bb5 31. h3 gxh3 0-1

[Event "KEM Mitte 2017"]
[Site "?"]
[Date "2017.01.15"]
[Round "6.9"]
[White "Rausch, Wolfgang sr"]
[Black "Leuschner, Günter"]
[Result "1-0"]
[WhiteElo "1880"]
[BlackElo "1923"]
[PlyCount "137"]
[EventDate "2017.??.??"]
[WhiteTeam "SW Nürnberg Süd"]
[BlackTeam "SW Nürnberg Süd"]

1. Nf3 Nf6 2. c4 c5 3. Nc3 b6 4. d3 Bb7 5. e4 d6 6. Be2 e5 7. h3 Be7 8. Be3 Na6
9. O-O Nc7 10. Ne1 Ne6 11. Nc2 O-O 12. Qd2 Nd7 13. Nd5 Bg5 14. Bxg5 Qxg5 15.
Qxg5 Nxg5 16. Ne7+ Kh8 17. Nf5 Bc6 18. Nxd6 g6 19. Nb5 Bxb5 20. cxb5 Ne6 21. g3
Nf6 22. a4 Kg7 23. Kg2 Rfd8 24. Rfc1 Nd4 25. Nxd4 Rxd4 26. b3 Ne8 27. Rc4 Rdd8
28. b4 Nd6 29. Rc2 cxb4 30. Rb2 a5 31. bxa6 Rxa6 32. Rxb4 Rda8 33. Bd1 Rb8 34.
Bb3 Rc8 35. Kf3 Rc5 36. Rb1 b5 37. Ke2 bxa4 38. Bxa4 Rc7 39. f4 f6 40. fxe5
fxe5 41. Ke3 Raa7 42. h4 Rcb7 43. Bc6 Rxb4 44. Rxb4 Rc7 45. Bd5 Ne8 46. Kd2 Nf6
47. Ke3 h6 48. Rb6 Re7 49. Bc4 Ng4+ 50. Ke2 Nf6 51. Rb8 Kh7 52. Kf3 h5 53. Ke2
Kg7 54. Kd2 Rc7 55. Kc3 Kh7 56. Kb4 Kg7 57. Kb5 Kh7 58. Kb6 Re7 59. Kc6 Ng4 60.
Kd6 Ra7 61. Re8 Rb7 62. Be6 Nf6 63. Re7+ Rxe7 64. Kxe7 Kg7 65. Kd6 g5 66. Kxe5
gxh4 67. gxh4 Ne8 68. d4 Kf8 69. Bd7 1-0

[Event "KEM Mitte 2017"]
[Site "?"]
[Date "2017.01.15"]
[Round "6.11"]
[White "Meyer, Robert"]
[Black "Süß, Helmut"]
[Result "1/2-1/2"]
[WhiteElo "1731"]
[BlackElo "1921"]
[PlyCount "29"]
[EventDate "2017.??.??"]
[WhiteTeam "SC Stein"]
[BlackTeam "SC Noris-Tarrasch Nürnberg"]

1. d4 Nf6 2. Nf3 e6 3. c4 Bb4+ 4. Bd2 a5 5. Qb3 Bxd2+ 6. Nbxd2 d5 7. c5 O-O 8.
e3 Nc6 9. Bb5 Ne7 10. Ne5 Bd7 11. Nxd7 Nxd7 12. Nf3 c6 13. Bd3 Qc7 14. Qc3 Nf6
15. Ne5 1/2-1/2

[Event "KEM Mitte 2017"]
[Site "?"]
[Date "2017.01.15"]
[Round "6.12"]
[White "Thürauf, Peter"]
[Black "Paul, Arthur"]
[Result "1/2-1/2"]
[WhiteElo "1842"]
[BlackElo "1380"]
[PlyCount "75"]
[EventDate "2017.??.??"]
[WhiteTeam "SW Nürnberg Süd"]
[BlackTeam "SW Nürnberg Süd"]

1. d4 Nf6 2. Nf3 e6 3. c4 Bb4+ 4. Bd2 Bxd2+ 5. Qxd2 O-O 6. Nc3 d5 7. e3 Nbd7 8.
cxd5 exd5 9. Bd3 c5 10. O-O b6 11. Rac1 Bb7 12. Qc2 a6 13. Qb1 Rc8 14. Ne5 g6
15. Nf3 c4 16. Be2 b5 17. a3 Ne4 18. Nxe4 dxe4 19. Nd2 f5 20. Rfd1 Nb6 21. Qa2
Nd5 22. b3 c3 23. Nf1 Qg5 24. g3 f4 25. h4 Qf5 26. exf4 Nxf4 27. gxf4 Qxf4 28.
Bxb5 axb5 29. Ne3 Qxh4 30. b4+ Kg7 31. d5 Qg5+ 32. Ng2 c2 33. Rxc2 Rxc2 34.
Qxc2 Bxd5 35. Qd2 Qxd2 36. Rxd2 Bc4 37. Rd4 Re8 38. a4 1/2-1/2